000 00527nam a2200181Ia 4500
005 20250508160336.0
008 008 250505s9999 xx 000 0 eng d
037 _aTextual
040 _aFEDL
_beng
_cFEDL
041 _aeng
_2eng
084 _a371.62, UNE
_qFEDL
245 0 _aSchool building design Asia
245 0 _cUNESCO
260 _aColombo, Sri Lanka
_bAsian Regional Institute For School Building Research
_c1972
300 _axvi,304p.
942 _cTEXL
_h371.62, UNE
999 _c1363878
_d1363878